000
00182 a2200097 4500
020
_a
9780545843430
041
_a
eng
100
_a
Mo Willems
245
_a
can I plaay too
942
_c
K
999
_c
30299
_d
30297